000 00480cam a2200181 4500
001 D1091
008 090401t1983 xxu||||| |||| 00| 0 eng d
035 _a(Sirsi) u62510
041 _aeng
050 _a690.25
110 _aAssociation of Metropolitan Authorities
_91383
245 _aDefects in housing Part 1: non-traditional dwellings of the 1940`s and 1950`s.
260 _aLondon
_bAMA
_c1983
300 _a33p. 30cm
350 _a5
942 _n0
948 _c04/03/1997
999 _c94428
_d94428